000 00636nam a2200193Ii 4500
003 JO-AjNU
008 230605s9999||||xx |||||||||||||| ||und||
040 _aJO-AjNU
_bara
_erda
_cJO-AjNU
041 _aara
050 1 4 _aPJ7850 2006
100 3 _aتأليف العمرو،محمد,
_eauthor
_97828
245 0 0 _aدار الهواشم: ديوان...أشعار نبطية...ونثريات أدبية...
264 3 1 _aعمان:المؤلف،2007
300 _a81ص
336 _atext
_btxt
_2rdacontent
337 _aunmediated
_bn
_2rdamedia
338 _avolume
_bnc
_2rdacarrier
650 4 _aالشعر العربي - الأردن
_97829
999 _aA477
_c4045
_d4045